00268 2200121 4500001002100000005001500021035002000036245003100056020001600087260002700103990000800130990000800138INLIS00000000000262220251204110517 a0010-1225000003 inna No Nihongo I (edisi 2) 786027006089 V. Lintas Cipta Pustaka a251 a251